Nazwy pierwiastków chemicznych według 2 pierwszych liter - Statystyki

Ogólne statystyki
  • Ten quiz został rozwiązany 1 236 razy
  • Średni wynik to 65 z 118
Statystyki odpowiedzi
# Symbol Pierwiastek % Poprawnych
1 H Wodór
94%
74 W Wolfram
94%
84 Po Polon
90%
19 K Potas
90%
2 He Hel
89%
116 Lv Liwermor
85%
3 Li Lit
84%
8 O Tlen
84%
6 C Węgiel
84%
12 Mg Magnez
82%
25 Mn Mangan
82%
16 S Siarka
79%
79 Au Złoto
78%
60 Nd Neodym
77%
10 Ne Neon
77%
93 Np Neptun
77%
88 Ra Rad
77%
86 Rn Radon
77%
23 V Wanad
76%
20 Ca Wapń
76%
97 Bk Berkel
75%
4 Be Beryl
75%
7 N Azot
73%
107 Bh Bohr
73%
5 B Bor
73%
11 Na Sód
73%
18 Ar Argon
72%
33 As Arsen
72%
26 Fe Żelazo
72%
47 Ag Srebro
71%
17 Cl Chlor
70%
24 Cr Chrom
70%
36 Kr Krypton
70%
14 Si Krzem
70%
50 Sn Cyna
68%
30 Zn Cynk
68%
40 Zr Cyrkon
68%
114 Fl Flerow
67%
9 F Fluor
67%
15 P Fosfor
67%
56 Ba Bar
66%
35 Br Brom
66%
29 Cu Miedź
66%
53 I Jod
64%
27 Co Kobalt
64%
112 Cn Kopernik
64%
13 Al Glin
60%
113 Nh Nihon
59%
64 Gd Gadolin
58%
31 Ga Gal
58%
28 Ni Nikiel
58%
41 Nb Niob
58%
54 Xe Ksenon
56%
92 U Uran
56%
32 Ge German
55%
106 Sg Seaborg
52%
34 Se Selen
52%
58 Ce Cer
51%
55 Cs Cez
51%
42 Mo Molibden
51%
115 Mc Moskow
51%
117 Ts Tenes
51%
48 Cd Kadm
50%
98 Cf Kaliforn
50%
37 Rb Rubid
50%
44 Ru Ruten
50%
104 Rf Rutherford
50%
22 Ti Tytan
50%
78 Pt Platyna
49%
94 Pu Pluton
49%
43 Tc Technet
49%
52 Te Tellur
49%
65 Tb Terb
49%
57 La Lantan
48%
82 Pb Ołów
48%
80 Hg Rtęć
48%
81 Tl Tal
47%
73 Ta Tantal
47%
70 Yb Iterb
44%
39 Y Itr
44%
109 Mt Meitner
44%
101 Md Mendelew
44%
45 Rh Rod
44%
111 Rg Roentgen
44%
83 Bi Bizmut
43%
46 Pd Pallad
43%
99 Es Einstein
42%
87 Fr Frans
42%
103 Lr Lorens
41%
75 Re Ren
41%
95 Am Ameryk
39%
110 Ds Darmsztadt
37%
90 Th Tor
37%
38 Sr Stront
36%
85 At Astat
35%
72 Hf Hafn
35%
108 Hs Has
35%
96 Cm Kiur
35%
62 Sm Samar
35%
63 Eu Europ
34%
102 No Nobel
34%
51 Sb Antymon
33%
89 Ac Aktyn
32%
76 Os Osm
32%
105 Db Dubn
30%
77 Ir Iryd
30%
21 Sc Skand
29%
49 In Ind
28%
118 Og Oganeson
28%
100 Fm Ferm
27%
59 Pr Prazeodym
27%
61 Pm Promet
27%
69 Tm Tul
27%
91 Pa Protaktyn
26%
68 Er Erb
25%
71 Lu Lutet
25%
67 Ho Holm
24%
66 Dy Dysproz
20%
Nie znaleziono quizów pasujących do podanych kryteriów
Rozkład punktacji
Procent ludzi z każdym wynikiem
Percentyl według liczby udzielonych odpowiedzi
Twoja historia wyników
Nie rozwiązałeś tego quizu